000 00881nam a2200205 a 4500
003 0
005 20250408083627.0
008 970101s19uu xx 00 eng d
050 _aPGS GV 706.4.D54
_b.Sch368 2004
100 _aScholl, Christian V.
245 4 _aThe difference in leisure time activities between Southville International School and Colleges (Philippines and gymnasium Am Mosbacher Berg (Germany) grade 6 students /
_cChristian V. Scholl.
260 _aLas PiƱas City, Philippines :
_bSouthville International School and Colleges,
_c2004.
300 _a29 pages :
_billustrations ;
_c28 cm.
504 _aIncludes bibliographical references.
650 _aAthletic ability
_vCross-cultural studies.
650 _aLeisure
_vCross-cultural studies.
650 _aSports for children
_zPhilippines.
650 _aSports for children
_zGermany.
942 _2lcc
_cPASS
999 _c97050
_d97050